Microbiology: general and applied

Gespeichert in:
Bibliographische Detailangaben
Hauptverfasser: Sarles, William Bowen (VerfasserIn), Frazier, William Canoll (VerfasserIn), Wilson, Joe Bransford (VerfasserIn), Knight, Stanley Glenn (VerfasserIn)
Format: Buch
Sprache:Englisch
Veröffentlicht: Nueva York Harper-Brothers 1956
Ausgabe:2a. ed
Schlagworte:
Tags: Tag hinzufügen
Keine Tags, Fügen Sie den ersten Tag hinzu!

MARC

LEADER 00000nam a2200000 a 4500
001 UCX8574
003 CL-VaPUC
008 940413e19560000US |||||||||||||||||eng|d
082 0 4 |a 576  |b SAR  |2 21 
100 0 |a Sarles, William Bowen  |e author  |9 325713 
700 0 |a Frazier, William Canoll  |e author  |9 325714 
700 0 |a Wilson, Joe Bransford  |e author  |9 325715 
700 0 |a Knight, Stanley Glenn  |e author  |9 325716 
245 1 0 |a Microbiology: general and applied 
250 |a 2a. ed 
300 |a 491 p 
942 |c BK 
945 |d 19940413 00:00:00  |a mfernand 
260 |a Nueva York  |b Harper-Brothers  |c 1956 
650 0 |a Microbiología   |9 259706 
583 |a last modification  |c 19940413 00:00:00  |k Rodrigo Vera 
999 |c 228029  |d 228027 
952 |0 0  |1 0  |4 0  |6 576_000000000000000_SAR_1956  |7 0  |8 A  |9 227617  |a BIBALI  |b BIBALI  |c GEN  |d 2019-11-15  |i 2968487  |o 576 SAR 1956  |p 2968487  |r 2025-01-20  |w 2019-11-15  |y BK  |k ALI